Vice President - sudden death - Statistics

General Stats
  • This quiz has been taken 49 times
  • The average score is 18 of 19
Answers on the Grid
Answers color-coded by a green-red scale on the quiz's grid according to % correct below.
John Adams
Thomas Jefferson
Jack Kemp
Gerald R. Ford
James Sherman
William Butler
Walter Mondale
Hubert Humphrey
Daniel Tompkins
Richard Johnson
John Logan
Mike Pence
Levi Morton
J.D. Vance
Franklin D. Roosevelt
Joe Biden
George H. W. Bush
William Taft
Aaron Burr
Tim Walz
John Tyler
Calvin Coolidge
John Breckinridge
Charles Curtis
 
Answer Stats
Answer % Correct
Aaron Burr
100%
Calvin Coolidge
100%
Charles Curtis
100%
Daniel Tompkins
100%
George H. W. Bush
100%
Gerald R. Ford
100%
Hubert Humphrey
100%
James Sherman
100%
J.D. Vance
100%
Joe Biden
100%
John Adams
100%
John Breckinridge
100%
John Tyler
100%
Levi Morton
100%
Mike Pence
100%
Thomas Jefferson
100%
Walter Mondale
100%
Richard Johnson
50%
William Taft
0%
No matching quizzes found
Score Distribution
Percent of People with Each Score
Percentile by Number Answered
Your Score History
You have not taken this quiz